| 000 | 00561nam a2200217Ia 4500 | ||
|---|---|---|---|
| 005 | 20230401141012.0 | ||
| 008 | 230125s9999 xx 000 0 und d | ||
| 020 | _a9788132113423 | ||
| 041 | _aeng | ||
| 082 |
_a330 _bKAU |
||
| 100 |
_aKaul V _9114200 |
||
| 245 | _aEasy Money:Evolution of Money from Robinson Cruse to the First World War | ||
| 260 |
_c2013 _bSage publication _aNew Delhi |
||
| 300 | _a277p | ||
| 500 | _aEconomics | ||
| 650 | _aEconomics | ||
| 700 |
_aKaul V _9114200 |
||
| 906 | _b106.25 | ||
| 942 | _cBK | ||
| 999 |
_c94039 _d94039 |
||